00397mam a22000971i 4500082001200000245010500012260003500117300004500152500008800197650001400285 a540 CHE10aChemistry at the centenary (1931) meeting of the British Association for the Advancement of Science. aCambridge :bW. Heffer,c1932. axi, 272 p., [1] leaf of plates :bill. ; a"Constitutes the only complete record of the Proceedings of the Chemistry Section." 0aChemistry